000
00320nam a22001337a 4500
008
170511b xxu||||| |||| 00| 0 eng d
020
_a
2901422425038
041
_a
eng
080
_2
2ND
_a
342
100
_a
15
101
_a
SHJ
245
_a
LAW OF EMPLOYEE PENSION AND WELFARE BENEFITS
_c
FROLIK, L.A
942
_2
udc
_c
BK
999
_c
13164
_d
13164